| 000 | 00790nam a2200217 i 4500 | ||
|---|---|---|---|
| 001 | 47514 | ||
| 003 | ES-MaACL | ||
| 005 | 20230906161601.0 | ||
| 007 | t| | ||
| 008 | 030430s2002 sp ||||1| spa d | ||
| 020 | _a84-96008-11-8 | ||
| 080 | _a930.85(=134.28)(083.824) | ||
| 245 | 0 | 0 |
_aMemoria de Sefarad _b: Toledo, Centro Cultural San Marcos, octubre 2002-enero 2003. |
| 260 |
_a[Madrid] : _bSociedad Estatal para la Acción Cultural Exterior, _c[2002] |
||
| 300 |
_a463 p. : _bil. col. y n. ; _c29 cm. |
||
| 504 | _aBibliografía: p. 454-463. | ||
| 650 | 1 | 4 |
_aSefardíes- _xCivilización- _vExposiciones. _917013 |
| 710 | 2 |
_aCentro Cultural San Marcos. _92585 |
|
| 710 | 2 |
_aSociedad Estatal para la Acción Cultural Exterior (España) _96762 |
|
| 852 |
_aES-MaACL _jL-26298 _bR.132262 |
||
| 999 |
_c47514 _d47514 |
||